| 000 | 00666cam a22002412 4500 | ||
|---|---|---|---|
| 999 |
_c18277 _d18277 |
||
| 001 | 0000018815 | ||
| 003 | OSt | ||
| 005 | 20200317093431.0 | ||
| 008 | 100801s xx 000 0 eng d | ||
| 020 | _a0134733821 | ||
| 040 |
_aKABU _cKABU |
||
| 050 | 0 |
_aHG173 _b.M57 2019 c. 1 |
|
| 100 | 1 | _aMishkin, Frederic S. | |
| 245 | 1 | 4 |
_aThe Economics of money, banking, and financial markets / _cFrederic S. Mishkin |
| 250 | _a12th ed. | ||
| 260 |
_aBoston : _bPearson, _c2019. |
||
| 300 | _a738 p. | ||
| 650 | 0 | _aFinance | |
| 650 | 0 | _aMoney | |
| 650 | 0 | _aBanks and banking | |
| 908 | _a100801 | ||
| 942 |
_2lcc _cBK _hHG173 _i.M57 2019 c. 1 |
||